Largest Countries and Empires by GDP (Early Modern Era) - Statistics

General Stats
  • This quiz has been taken 123 times
    46 since last reset
  • The average score is 32 of 45
Answer Stats
1600 % Correct
1 Ming China East Asia
100%
1 Qing China East Asia
100%
1 Qing China East Asia
100%
3 Iberian Union Southern Europe
95%
6 Japan East Asia
95%
3 Kingdom of Spain Southern Europe
95%
5 Kingdom of Spain Southern Europe
95%
9 Russian Empire Eastern Europe
95%
5 Tokugawa Japan East Asia
95%
6 Tokugawa Japan East Asia
95%
10 Tsardom of Russia Eastern Europe
95%
8 Tsardom of Russia Eastern Europe
95%
3 France Western Europe
93%
4 Kingdom of France Western Europe
93%
4 Kingdom of France Western Europe
93%
5 Ottoman Empire West Asia
90%
7 Ottoman Empire West Asia
90%
10 Ottoman Empire West Asia
90%
14 United States Northern America
85%
15 Archduchy of Austria Central Europe
83%
11 Archduchy of Austria Central Europe
83%
8 Archduchy of Austria Central Europe
83%
14 Kingdom of Portugal Southern Europe
83%
15 Kingdom of Portugal Southern Europe
83%
10 Netherlands Western Europe
78%
14 Joseon dynasty East Asia
75%
12 Joseon dynasty East Asia
75%
8 Kingdom of England Western Europe
75%
6 Kingdom of England Western Europe
75%
15 Brandenburg-Prussia Central Europe
70%
7 Prussia Central Europe
70%
2 Kingdom of Great Britain Western Europe
65%
2 Mughal Empire South Asia
65%
2 Mughal Empire South Asia
65%
13 Safavid Empire West Asia
63%
12 Kingdom of Naples Southern Europe
55%
12 Poland-Lithuania Eastern Europe
53%
4 Maratha Empire South Asia
40%
7 Kingdom of Mysore South Asia
18%
9 Kingdom of Mysore South Asia
18%
11 Sikh Empire South Asia
18%
13 Durrani Empire South Asia
5%
11 Ahmednagar Sultanate South Asia
0%
13 Bijapur Sultanate South Asia
0%
9 Golconda Sultanate South Asia
0%
No matching quizzes found
Score Distribution
Percent of People with Each Score
Percentile by Number Answered
Your Score History
You have not taken this quiz since the last reset